| 000 | 00885nam a2200205 i 4500 | ||
|---|---|---|---|
| 001 | 189551 | ||
| 003 | ES-MaACL | ||
| 005 | 20250902233322.0 | ||
| 007 | t| | ||
| 008 | 190611s1949 sp r ||||1| spa d | ||
| 100 | 0 |
_aGarcía Nájera, José María. _955019 |
|
| 245 | 1 | 0 |
_aAplicación del frenado hidraúlico a las escalas salmoneras _b: estudio hidrodinámico de dos tipos: continuo de rampa y vertical intermitente / _cpor José María García Nájera. |
| 260 |
_aMadrid : _bInstituto Forestal de Investigaciones y Experiencias, _c1949. |
||
| 300 |
_a54 p. : _bil. ; _c24 cm. |
||
| 490 | 1 |
_aInstituto Forestal de Investigaciones y Experiencias ; _vAño XX nº 47 |
|
| 650 | 7 |
_aIngeniería hidráulica _2embne _9136287 |
|
| 830 | 0 |
_aInstituto Forestal de Investigaciones y Experiencias ; _vAño XX nº 47 _9181435 |
|
| 852 |
_aES-MaACL _jP-569-Bis-34 |
||
| 999 |
_c189551 _d189551 |
||